<?xml version="1.0" encoding="UTF-8"?>
<record
    xmlns:xsi="http://www.w3.org/2001/XMLSchema-instance"
    xsi:schemaLocation="http://www.loc.gov/MARC21/slim http://www.loc.gov/standards/marcxml/schema/MARC21slim.xsd"
    xmlns="http://www.loc.gov/MARC21/slim">

  <leader>01034nam a2200205 i 4500</leader>
  <controlfield tag="001">88013</controlfield>
  <controlfield tag="003">ES-MaACL</controlfield>
  <controlfield tag="005">20230906175802.0</controlfield>
  <controlfield tag="007">t|</controlfield>
  <controlfield tag="008">041230m19361975fr a         |||| | fre d</controlfield>
  <datafield tag="080" ind1=" " ind2=" ">
    <subfield code="a">615.82</subfield>
  </datafield>
  <datafield tag="245" ind1="0" ind2="0">
    <subfield code="a">Encyclopedie M&#xE9;dico-chirurgicale </subfield>
    <subfield code="b">: trait&#xE9; de Medicine et de Chirurgie sur fascicules mobiles constantement tenues &#xE1;a jour / </subfield>
    <subfield code="c">[directeur general A. Laffont].</subfield>
  </datafield>
  <datafield tag="250" ind1=" " ind2=" ">
    <subfield code="a">1&#xAA; ed.</subfield>
  </datafield>
  <datafield tag="260" ind1=" " ind2=" ">
    <subfield code="a">Paris : </subfield>
    <subfield code="b">[s.n.], </subfield>
    <subfield code="c">1936-1975.</subfield>
  </datafield>
  <datafield tag="300" ind1=" " ind2=" ">
    <subfield code="a">110 v. ; </subfield>
    <subfield code="c">34 x 27 cm.</subfield>
  </datafield>
  <datafield tag="505" ind1="0" ind2=" ">
    <subfield code="a">Anesth&#xE9;sie. Cardiologie. Dermatologie. Endocrinologie-Nutrition. Gastro-ent&#xE9;rologie. Gyn&#xE9;cologie. H&#xE9;matologie. H&#xE9;patologie. Hom&#xE9;opathie. Kinesith&#xE9;rapie. Maladies Infectieuses. Nephrologie-Urologie. Neurologie. Obst&#xE9;trique. Ophtalmologie. Oto-Rhino-Laryngologie. P&#xE9;diatrie. Pneumologie. Psychiatrie. Radiodiagnostic. Techniques chirurgicales.Th&#xE9;rapeutique. Toxicologie. Urgences m&#xE9;dicales.</subfield>
  </datafield>
  <datafield tag="650" ind1=" " ind2="4">
    <subfield code="a">Medicina-</subfield>
    <subfield code="v">Enciclopedias.</subfield>
    <subfield code="9">14899</subfield>
  </datafield>
  <datafield tag="700" ind1="1" ind2=" ">
    <subfield code="a">Laffont, A.</subfield>
    <subfield code="9">69489</subfield>
  </datafield>
  <datafield tag="852" ind1=" " ind2=" ">
    <subfield code="a">ES-MaACL</subfield>
    <subfield code="j">J-60</subfield>
  </datafield>
  <datafield tag="999" ind1=" " ind2=" ">
    <subfield code="c">88013</subfield>
    <subfield code="d">88013</subfield>
  </datafield>
  <datafield tag="952" ind1=" " ind2=" ">
    <subfield code="0">0</subfield>
    <subfield code="1">0</subfield>
    <subfield code="4">0</subfield>
    <subfield code="7">0</subfield>
    <subfield code="a">ATENEOM</subfield>
    <subfield code="b">ATENEOM</subfield>
    <subfield code="c">DEPO2</subfield>
    <subfield code="d">2008-01-17</subfield>
    <subfield code="e">SC</subfield>
    <subfield code="l">0</subfield>
    <subfield code="o">J-60</subfield>
    <subfield code="p">1091938</subfield>
    <subfield code="r">2023-02-23 00:00:00</subfield>
    <subfield code="w">2023-02-23</subfield>
    <subfield code="y">MONOGRAFIA</subfield>
  </datafield>
</record>
